000 00399nam a2200133Ia 4500
008 220204s9999 xx 000 0 und d
082 _a630*2(595)
_bAPP
100 _aAppanah, S
245 0 _aPlanting quality timber trees in Peninsular Malaysia
260 _aKuala Lumpur
_bForest Research Institute Malaysia
_c1993
490 _aMalaysian Forest Records 38
700 _aWeinland, G
942 _cBK
999 _c43801
_d43801